| 000 | 00821 a2200181 4500 | ||
|---|---|---|---|
| 003 | Nust | ||
| 005 | 20221014102153.0 | ||
| 040 | _cNust | ||
| 082 | _a610,BYR | ||
| 100 |
_aByrd, Oliver E. _9100269 |
||
| 245 |
_aHealth : _bLevel Five / _cOliver E. Byrd, Elizabeth A. Neilson |
||
| 250 | _a3rd Edition | ||
| 260 |
_aUSA _bLaidlaw Brothers _c1970 |
||
| 300 | _a240 p. | ||
| 505 | _aGrowing up in Different Ways (Page-6), Keeping Safe (Page-22), You and your World (Page-42), Your Mouth and its Work (Page-58), Your Eyes and how they Work (Page-90), Food and Good Nutrition (Page-106), The Digestion of your Food (Page-122), Your Circulatory System (Page-142), Your Nervous System (Page-162), The Work of Your Respiratory System (Page-182), Becoming Responsible (Page-202). | ||
| 650 |
_aHealth _93553 |
||
| 942 |
_2ddc _cBK |
||
| 999 |
_c194228 _d194228 |
||